Ecological Urbanism /
Uložené v:
| Ďalší autori: | , |
|---|---|
| Médium: | Kniha |
| Jazyk: | English |
| Vydavateľské údaje: |
Zürich :
Lars Müller Publishers,
2016
|
| Vydanie: | 2. vydanie |
| Predmet: | |
| Tagy: |
Žiadne tagy, Buďte prvý, kto otaguje tento záznam!
|
MARC
| LEADER | 00000nam a22000003a 4500 | ||
|---|---|---|---|
| 001 | 0028952 | ||
| 003 | SK-STU | ||
| 005 | 20190325150327.4 | ||
| 007 | ta | ||
| 008 | 171213s ----xo-----e------000-0-----d | ||
| 020 | |a 978-3-03778-467-9 | ||
| 040 | |a STU |b slo | ||
| 041 | 0 | |a eng | |
| 044 | |a sz | ||
| 100 | 1 | |a Mostafavi, Mohsen |4 edt | |
| 245 | 1 | 0 | |a Ecological Urbanism / |c ed. Mohsen Mostafavi ; ed. Gareth Doherty |
| 250 | |a 2. vydanie | ||
| 260 | |a Zürich : |b Lars Müller Publishers, |c 2016 | ||
| 300 | |a 656 s. | ||
| 650 | 0 | 7 | |a urbánna ekológia |
| 650 | 0 | 7 | |a udržateľné mesto |
| 650 | 0 | 7 | |a mestský verejný priestor |
| 650 | 0 | 7 | |a námestie |
| 650 | 0 | 7 | |a občianske budovy |
| 700 | 1 | |a Doherty, Gareth |4 edt | |
| 996 | |b 284AU07178 |c A* 10408/U |l AA2120 |s P |a 0 |w 0028952_0001 | ||
| 996 | |b 284AU07237 |c A* 10484/U |l AAKNST |s P |a 0 |w 0028952_0002 | ||